Youtubers Français ! - Statistiques

Statistiques générales
  • Ce quiz a été pris 876 fois
    514 depuis la dernière actualisation
  • Le résultat moyen est 6 sur 18
Statistiques - réponses
Hint Réponse % Correct
Spécialisé dans le Gaming Humoristique Squeezie
93%
Spécialisé dans le Podcast Humoristique. Cyprien
91%
Spécialisé dans le Podcast Humoristique. Normanfaitdesvidéos
86%
Spécialisée dans la Mode et la Beauté. EnjoyPhoenix
53%
Spécialisé dans les ouvertures de Boosters Pokémon. David Lafarge
52%
Spécialisée dans le Podcast Humoristique. Natoo
52%
Spécialisé dans la Critique de jeux rétros. JoueurDuGrenier
41%
Spécialisé dans la restauration rapide. FastGoodCuisine
35%
Spécialisé dans le Podcast et la Chanson Humoristique. Mister V
27%
Spécialisé dans le Gaming Pokémon et Minecraft. Newtiteuf
16%
Spécialisé dans le FPS et Vlogger. WaRTeKGaminG
14%
Spécialisé dans la critique et le "Trolling" Humoristique. Seb La Frite
12%
Spécialisé dans la vulgarisation scientifique. e-Penser
9%
Spécialisé dans la réponse à des questions. LesQuestionsCons
6%
Spécialisé dans la Découverte et la Culture critique. LinksTheSun
5%
Spécialisé dans le Gaming Minecraftien. TheFantasio974
3%
Spécialisé dans la coiffure. LilithMoon
2%
Spécialisé dans la "trolling" humoristique. Jojo Bernard
0%
Aucun quiz correspondant
Distribution des résultats
% des personnes avec chaque résultat
Percentile par nombre de réponses
Votre historique - résultats
Vous n’avez pas pris ce quiz depuis la dernière actualisation